Die chinesische Landwirtschaft, (Record no. 9071)

MARC details
000 -LEADER
fixed length control field 00760cam a22002291 4500
001 - CONTROL NUMBER
control field agr26001585
003 - CONTROL NUMBER IDENTIFIER
control field DLC
005 - DATE AND TIME OF LATEST TRANSACTION
control field 20260227110946.0
008 - FIXED-LENGTH DATA ELEMENTS--GENERAL INFORMATION
fixed length control field 820106s1926 gw ab b 000 0 ger c
010 ## - LIBRARY OF CONGRESS CONTROL NUMBER
LC control number agr26001585
035 ## - SYSTEM CONTROL NUMBER
System control number (OCoLC)8042996
040 ## - CATALOGING SOURCE
Original cataloging agency Library, U.S. Dept. of Agriculture
Transcribing agency NbU
Modifying agency NbU
-- DLC
042 ## - AUTHENTICATION CODE
Authentication code premarc
050 00 - LIBRARY OF CONGRESS CALL NUMBER
Classification number S471.C6
Item number W3
070 0# - NATIONAL AGRICULTURAL LIBRARY CALL NUMBER
Classification number 34.1
Item number W12
100 1# - MAIN ENTRY--PERSONAL NAME
Personal name Wagner, Wilhelm,
Dates associated with a name 1886-
245 14 - TITLE STATEMENT
Title Die chinesische Landwirtschaft,
Statement of responsibility, etc. von Dr. Wilhelm Wagner. Mit 204 Textabbildungen und 2 Karten.
260 ## - PUBLICATION, DISTRIBUTION, ETC.
Place of publication, distribution, etc. Berlin,
Name of publisher, distributor, etc. P. Parey,
Date of publication, distribution, etc. 1926.
300 ## - PHYSICAL DESCRIPTION
Extent xv, 668 p. incl. illus., tables, diagrs.
Other physical details 2 fold. maps.
Dimensions 25 cm.
504 ## - BIBLIOGRAPHY, ETC. NOTE
Bibliography, etc. note "Verzeichnis der wichtigsten Literatur": p. [661]-668.
650 #0 - SUBJECT ADDED ENTRY--TOPICAL TERM
Topical term or geographic name entry element Agriculture
Geographic subdivision China.

No items available.

Powered by Koha